Anuario del Tribunal Ambiental de Santiago: 2013
Bewaard in:
| Formaat: | Boek |
|---|---|
| Taal: | Spaans |
| Gepubliceerd in: |
Santiago
Comunicaciones del Tribunal Ambiental de Santiago
2014
|
| Editie: | 1a. ed |
| Onderwerpen: | |
| Tags: |
Voeg label toe
Geen labels, Wees de eerste die dit record labelt!
|
MARC
| LEADER | 00000cam a2200000 a 4500 | ||
|---|---|---|---|
| 001 | UCC8948 | ||
| 003 | CL-VaPUC | ||
| 008 | 190830e20140000cl |||||||||||||||||spa|d | ||
| 020 | |a 9789569503009 | ||
| 082 | 0 | 4 | |a 344.83046 |b ANU |2 21 |
| 245 | 1 | 0 | |a Anuario del Tribunal Ambiental de Santiago: 2013 |
| 250 | |a 1a. ed | ||
| 300 | |a 191 p | ||
| 942 | |c BK | ||
| 945 | |d 20190830 10:52:00 |a dcastane | ||
| 260 | |a Santiago |b Comunicaciones del Tribunal Ambiental de Santiago |c 2014 | ||
| 650 | 0 | |a Derecho ambiental |z Chile |9 499116 | |
| 650 | 7 | |a TRIBUNALES CHILENOS |2 CL-VaPUC |9 603653 | |
| 650 | 0 | |a Anuarios |9 258977 | |
| 650 | 0 | |a Protección del medio ambiente |9 257626 | |
| 583 | |a last modification |c 20190830 10:52:00 |k Rodrigo Vera | ||
| 999 | |c 375143 |d 375141 | ||
| 952 | |0 0 |1 0 |3 erb |4 0 |6 344_830460000000000_ANU_2014 |7 0 |8 A |9 494051 |a BIBDER |b BIBDER |i 5596696 |o 344.83046 ANU 2014 |p 5596696 |r 2023-01-25 |w 2019-11-24 |y BK |z Catalogado en:20190830 |k DER | ||